| 000 | 00980pam a2200289 a 4500 | ||
|---|---|---|---|
| 001 | 1181608 | ||
| 003 | 0 | ||
| 005 | 20170111115324.0 | ||
| 008 | 970723s1998 maua 001 0 eng | ||
| 010 | _a 97030265 | ||
| 020 | _a9780201874020 | ||
| 040 | _c0 | ||
| 050 | 0 | 0 |
_aQA 76.73 _b.C153C38 1998 |
| 100 | 1 | _aCarrano, Frank M. | |
| 245 | 1 | 0 |
_aData abstraction and problem solving with C++ : _bwalls and mirrors / _cFrank M. Carrano, Paul Helman, Robert Veroff. |
| 250 | _a2nd ed. | ||
| 260 |
_aReading, Mass. : _bAddison-Wesley, _c1998. |
||
| 300 |
_axxi, 702, [123] p. : _bill. ; _c26 cm. |
||
| 500 | _aIncludes index. | ||
| 650 | 0 | _aC++ (Computer program language) | |
| 650 | 0 | _aAbstract data types (Computer science) | |
| 650 | 0 |
_aProblem solving _xData processing. |
|
| 700 | 1 | _aHelman, Paul. | |
| 700 | 1 | _aVeroff, Robert. | |
| 942 |
_2lcc _cBK |
||
| 999 |
_c47744 _d47744 |
||